000 00287nam a22001457a 4500
008 210604b ||||| |||| 00| 0 eng d
020 _ai024Oiv
041 _aeng
080 _a53
082 _a53
100 _a43
101 _aFIZ
245 _aPhysics
_cSerway,
942 _2udc
_cBK
999 _c57968
_d57968